[Event "Trondheim CC-ch B"]
[Site "Trondheim"]
[Date "2020.01.27"]
[Round "2"]
[White "Haugvik, Borge"]
[Black "Brurok, Magnus Bogen"]
[Result "1-0"]
[WhiteElo "1517"]
[BlackElo "1451"]
[PlyCount "83"]
[EventDate "2020.01.20"]
[EventType "tourn"]
[EventRounds "9"]
[EventCountry "NOR"]
[SourceTitle "EXT 2024"]
[Source "ChessBase"]
[SourceDate "2023.10.10"]
[SourceVersion "1"]
[SourceVersionDate "2023.10.10"]
[SourceQuality "1"]

1. e4 e6 2. d4 d5 3. Nd2 Nf6 4. e5 Nfd7 5. Bd3 c5 6. c3 Nc6 7. Ne2 cxd4 8. cxd4 Be7 9. 0-0 0-0 10. Nf3 a6 11. Bb1 b5 12. Qc2 f5 13. exf6 Nxf6 14. Qxc6 Bd7 15. Qc2 Rc8 16. Qd2 a5 17. a3 b4 18. axb4 Bxb4 19. Qg5 Bb5 20. Qe5 Rc6 21. Bd2 Bxd2 22. Nxd2 Ng4 23. Qh5 Nf6 24. Qf3 Ne4 25. Qe3 Nf6 26. Bd3 Ng4 27. Qh3 Bxd3 28. Qxd3 Qh4 29. Qg3 Qxg3 30. Nxg3 Rc2 31. Nf3 Ra8 32. h3 Nf6 33. Ra2 h5 34. Rfa1 Ne4 35. Nxe4 dxe4 36. Ng5 Rf8 37. Rxa5 Rcxf2 38. Ra8 Rxb2 39. Rxf8+ Kxf8 40. Nxe6+ Ke7 41. Nxg7 e3 42. Nf5+ 1-0